000 00486nam a22001937a 4500
003 koha_MIRAKIL
005 20231213100008.0
008 231213b |||||||| |||| 00| 0 ||| d
020 _b979-9-75999147-9
040 _aTR-IsEVY
_btur
_cTR-IsEVY
082 _a923 KRA/F
100 _aKramer, Sydelle.
245 0 _aFerdinand Macellan Kimdi ?
260 _bBeyaz Balina Yayınları,
_c2006
300 _a111 s.
650 _aExplorers.
650 _aKaşifler.
942 _2ddc
_cBK
999 _c12805
_d12805